00194nam a2200085Ia 4500008004100000100001100041245002600052260002100078260000900099170620s9999 xx 000 0 und d aSaxena 4aThe indian Penal code bCentral Law Pub. c2001